| 000 | 00535nam a2200193 i 4500 | ||
|---|---|---|---|
| 001 | 104444 | ||
| 003 | ES-MaACL | ||
| 007 | t| | ||
| 008 | 051130s1955 sp ||||1| spa d | ||
| 100 | 1 |
_aMillán, Rafael. _981137 |
|
| 245 | 1 | 0 |
_aVeinte poetas españoles / _cRafael Millán. |
| 250 | _a[1ª ed.]. | ||
| 260 |
_aMadrid : _bOrbe, _c1955. |
||
| 300 |
_a333 p., 1 h. con 20 lám. ; _c21 cm. |
||
| 490 | 1 | _aAgora | |
| 830 | 0 |
_aColección Ágora _9180771 |
|
| 852 |
_aES-MaACL _jC-9622 _bR.37365 |
||
| 999 |
_c104444 _d104444 |
||